Movies Quiz

Random Movies or Disney Quiz

Guess the disney film! Quiz Stats

 Plays Quiz not verified by Sporcle

Also try: Movie Quotes
Challenge
Share
Tweet
Embed
Score 0/15 Timer 05:00
0 Plays Today
Quote Film % Correct
'You have forgotten who you are and so have forgotten me'Lion King
67.6%
'That Girl is so peculiar'Beauty and the beast
66.2%
'[character], that [character] is going to come back a hunting dog, a real killer'The Fox and the Hound
66.2%
'Look at you, as fragile as a flower'Tangled
58.8%
'The boy is crazy. He's a little punch-drunk. One too many hits with the snake'Aladdin
52.9%
'We're gonna turn this sow's ear into a silk purse'Mulan
52.9%
'a lovely maid I see. Rags cannot hide her gentle grace.'Snow White and the Seven Dwarfs
51.5%
'Do you suppose she's a wildflower?'Alice in wonderland
47.1%
Quote Film % Correct
'Mighty warrior...save [a character] ....make [a character]....heap glad'Peter Pan
38.2%
'His eyes were intense... and focused, and... I've never seen eyes like those before.'Tarzan
38.2%
'She's in love!' 'Oh, no!' 'This is terrible!'Sleeping beauty
36.8%
'Well, now that's a bit more like it! The most beautiful creature on four legs! '101 Dalmatians
36.8%
'You're an idealist, just like your grandfather. Do yourself a favor, [character], don't be like him. For once, do the smart thing.' Atlantis: The Lost Empire
33.8%
'She's out of her mind' 'Yes,yes, just an imaginitive child!'Cinderella
26.5%
'Someday, you're gonna wind up all alone, and you'll have no one to blame but yourself'The Emperor's New Groove
26.5%

You're not logged in!

Compare scores with friends on all Sporcle quizzes.
OR
Log In

You Might Also Like...

Show Comments

Extras

Top Quizzes Today


Score Distribution

Your Account Isn't Verified!

In order to create a playlist on Sporcle, you need to verify the email address you used during registration. Go to your Sporcle Settings to finish the process.

Report this User

Report this user for behavior that violates our Community Guidelines.

Details: